Thơ Xuân Diệu và những lời bình

Na minha lista:
Detalhes bibliográficos
Formato: Livro
Idioma:Undetermined
Publicado em: Hà Nội Văn hóa Thông tin 2003
Assuntos:
Tags: Adicionar Tag
Sem tags, seja o primeiro a adicionar uma tag!
Thư viện lưu trữ: Trung tâm Học liệu Trường Đại học Cần Thơ
LEADER 00586nam a2200193Ia 4500
001 CTU_97288
008 210402s9999 xx 000 0 und d
020 |c 37000 
082 |a 895.922109 
082 |b Th460 
245 0 |a Thơ Xuân Diệu và những lời bình 
245 0 |c Mã Giang Lân tuyển chọn và biên soạn 
260 |a Hà Nội 
260 |b Văn hóa Thông tin 
260 |c 2003 
650 |a Vietnamese poetry 
650 |x History and criticism 
904 |i Minh(Tuyến) 
980 |a Trung tâm Học liệu Trường Đại học Cần Thơ